| 000 | 00963nam a2200217Ia 4500 | ||
|---|---|---|---|
| 003 | Ost | ||
| 005 | 20260507075740.0 | ||
| 008 | 260507s9999||||xx |||||||||||||| ||und|| | ||
| 040 | _cfsecg | ||
| 041 | _aara | ||
| 082 | _a658.5 | ||
| 100 |
_aمجيد، جاسم _eمؤلف |
||
| 245 | 0 |
_aالتطورات التكنولوجية والإدارة الصناعية / _c جاسم مجيد |
|
| 260 |
_aالاسكندرية: _bمؤسسة شباب الجامعة, _c2004 |
||
| 300 |
_a315 صفحة؛ _bإيضاحات ؛ _c24 سم |
||
| 520 | _aالصناعة في مجال التطور،فعاليات الإدارة العلمية،التكنولوجيا الجديدة ونظام الآلية،إدارة الإنتاج،تصميم ةتفعيل عمليات الإنتاج،نظام الانتاج | ||
| 653 | _aالإدارة الصناعية | ||
| 653 | _aالإنتاج | ||
| 653 | _aالتكنولوجيا-جوانب اقتصادية | ||
| 942 | _cكتاب | ||
| 999 |
_c46132 _d46132 |
||